|
|
|
|
| LEADER |
01145nam a22003012a 4500 |
| 001 |
000119689 |
| 003 |
CZ BrMZK |
| 005 |
20230908122027.0 |
| 007 |
ta |
| 008 |
950101s1990 xr a f cze d |
| 015 |
|
|
|a cnb000053949
|
| 040 |
|
|
|a BOA001
|b cze
|
| 080 |
9 |
|
|a 615.814.1
|
| 080 |
9 |
|
|a 613
|
| 080 |
9 |
|
|a 633.88
|
| 100 |
1 |
|
|a Jonáš, Josef,
|d 1945-2025
|7 jn19981001580
|4 aut
|
| 245 |
1 |
0 |
|a Křížovka života :
|b moudrost orientální medicíny a dnešek /
|c Josef Jonáš ; ilustroval Jaroslav Pospíšil
|
| 250 |
|
|
|a 2. vyd.
|
| 260 |
|
|
|a Ústí nad Labem :
|b Severočeské nakladatelství,
|c 1990
|
| 300 |
|
|
|a 268 s. :
|b il.
|
| 856 |
4 |
1 |
|u http://www.digitalniknihovna.cz/mzk/uuid/uuid:82c3e630-f843-11e2-9923-005056827e52
|y Digitalizovaný dokument
|x NDK
|
| 910 |
|
|
|a BOA001
|b 2-0967.823
|
| 964 |
|
|
|a Lékařství lidové - Orient - výklady populární
|
| 964 |
|
|
|a Akupunktura - výklady populární
|
| 964 |
|
|
|a Lékařství orientální - výklady populární
|
| 964 |
|
|
|a Životospráva - výklady populární
|
| 990 |
|
|
|a BK
|
| 996 |
6 |
|
|b 2619966090
|c 2-0967.823
|l MZK
|r Sklad / do 1 hodiny
|n 26
|w 000119689
|u 000010
|a 1
|e BOA001
|j MZK50
|s P
|